| 000 | 00446nam a22001697a 4500 | ||
|---|---|---|---|
| 003 | OSt | ||
| 005 | 20260514125553.0 | ||
| 008 | 260514b |||||||| |||| 00| 0 eng d | ||
| 020 | _a9781907653889 | ||
| 040 | _cXYZ | ||
| 050 |
_a305.48 _bCAM |
||
| 100 | _aCameron David | ||
| 245 | _aEncyclopedia of Persian Women from Ancient to Modern Islaimc TImes | ||
| 260 |
_aLondon UK _bKOROS PRESS LIMITED _c2015 |
||
| 300 | _a280 | ||
| 942 |
_2ddc _cBK _n0 |
||
| 999 |
_c23717 _d23717 |
||